<?xml version="1.0" encoding="UTF-8"?>
<collection xmlns="http://www.loc.gov/MARC21/slim">
 <record>
  <leader>01238nam a2200229 a 4500</leader>
  <controlfield tag="001">TVCDKTCT5049</controlfield>
  <controlfield tag="003">Thư viện trường Cao đẳng Kỹ thuật Cao Thắng</controlfield>
  <controlfield tag="005">20060426000000</controlfield>
  <controlfield tag="008">060426</controlfield>
  <datafield tag="980" ind1="\" ind2="\">
   <subfield code="a">Thư viện Trường CĐ Kỹ Thuật Cao Thắng</subfield>
  </datafield>
  <datafield tag="024" ind1=" " ind2=" ">
   <subfield code="a">RG_1 #1 eb0 i1</subfield>
  </datafield>
  <datafield tag="041" ind1="0" ind2="#">
   <subfield code="a">vie</subfield>
  </datafield>
  <datafield tag="082" ind1="#" ind2="#">
   <subfield code="a">361.1 / </subfield>
   <subfield code="b">PH105B-k</subfield>
  </datafield>
  <datafield tag="100" ind1="1" ind2="#">
   <subfield code="a">Hồ Hữu Nhựt</subfield>
  </datafield>
  <datafield tag="245" ind1="0" ind2="0">
   <subfield code="a">Khoa học Xã hội Thành phố Hồ Chí Minh. Những vấn đề nghiên cứu /</subfield>
   <subfield code="c">Hồ Hữu Nhựt, Phan Xuân Biên</subfield>
  </datafield>
  <datafield tag="250" ind1="#" ind2="#">
   <subfield code="a">In lần thứ 1</subfield>
  </datafield>
  <datafield tag="260" ind1="#" ind2="#">
   <subfield code="a">Tp.HCM :</subfield>
   <subfield code="b">Đại học Quốc gia TP. HCM ,</subfield>
   <subfield code="c">2005</subfield>
  </datafield>
  <datafield tag="300" ind1="#" ind2="#">
   <subfield code="a">564tr. ;</subfield>
   <subfield code="c">21cm</subfield>
  </datafield>
  <datafield tag="520" ind1="#" ind2="#">
   <subfield code="a">Tập hợp các bài viết về các vấn đề xã hội ở Tp. Hồ Chí Minh như: Quá trình hội nhập và phát triển, vấn đề đầu tư, sự biến đổi về môi trường, quản lý đô thị, báo chí trong đời sống cư dân, tiềm năng và triển vọng về thương mại...</subfield>
  </datafield>
  <datafield tag="650" ind1="#" ind2="4">
   <subfield code="a">Vấn đề xã hội--Nghiên cứu</subfield>
  </datafield>
  <datafield tag="650" ind1="#" ind2="4">
   <subfield code="a">Thành phố Hồ Chí Minh</subfield>
  </datafield>
  <datafield tag="700" ind1="0" ind2="#">
   <subfield code="a">Phan Xuân Biên</subfield>
  </datafield>
 </record>
</collection>
